| 000 | 00815nam a22001937a 4500 | ||
|---|---|---|---|
| 999 |
_c371938 _d371938 |
||
| 008 | 201127b ||||| |||| 00| 0 eng d | ||
| 040 |
_aDE-2950 _bger _cDE-2950 _erda |
||
| 041 | _ager | ||
| 245 |
_aDie Nacht der großen Stimmen. _bTransvocale 2022: Fulminanter Auftakt des 18. Weltmusik-Festivals mit Ralph Kaminski und Barbara Thalheim. Die Eröffnung fand in diesem Jahr im Collegium Polonicum in Slubice statt / _cChristina Tilmann |
||
| 264 | _c2022 | ||
| 653 | _aSlubice <Polen> | ||
| 653 | _aTransvocale 2022 | ||
| 653 | _aAuftaktveranstaltung | ||
| 773 |
_dFrankfurt (Oder) Märkisches Verlags- und Druckhaus GmbH & Co KG _tMärkische Oderzeitung _g33. Jahrgang (2022) Nr. 270 vom 19./20.11.2022, S. 13: Fotogr. |
||
| 942 | _cA | ||